000
00213nam a22001097a 4500
999
_c
65080
_d
65077
082
_a
297.02AHM
100
_a
Ahmed
245
_a
Muhaammad The prophet of Islam
260
_a
Lahore
300
_a
127p
942
_c
BK